Datum a čas kvízu
22
Celkem bodů
Celkový počet nahraných bodů na tomto kvízu bez doplňovacích otázek.
6.
Pořadí na kvízu
Konečné umístění týmu na tomto kvízu.
Zaznamenané odpovědi
| # | Otázka | Odpověď | Body | Výsledky |
|---|---|---|---|---|
| 1. | Ve středu se v Praze konal již... | Big Brother Awards (Ceny Velkého bratra) | 0 | |
| 2. | Obyvatelé části severoitalské... | Lambrusco | 1 | |
| 3. | Jedna z nejslavnějších rockový... | Genesis | 0 | |
| 4. | V úterý byl vyhlášen Podnikate... | Oliver Dlouhý | 0 | |
| 5. | O víkendu bojoval český davisc... | s týmem Slovenska | 1 | |
| 6. | V následujících pěti otázkách... | krokodýl | 1 | |
| 7. | Desomorfin je syntetický opioi... | v Rusku | 1 | |
| 8. | Značka Crocs je známá předevší... | v USA | 0 | |
| 9. | Krokodýl Dundee je australská... | Paul Hogan, Mike | 0 | |
| 10. | Jak si říká muž, který v roce... | Elton John | 1 |